[Event "Barcelona Sants op 17th"]
[Site "Barcelona"]
[Date "2015.08.29"]
[Round "9"]
[White "Guerrero Sierra, Juan Carlos"]
[Black "Duff, Rufus"]
[Result "1-0"]
[WhiteElo "2275"]
[BlackElo "2133"]
[PlyCount "57"]
[EventDate "2015.08.21"]
[EventType "swiss"]
[EventRounds "10"]
[EventCountry "ESP"]
[SourceTitle "EXT 2016"]
[Source "ChessBase"]
[SourceDate "2015.10.08"]
[SourceVersion "1"]
[SourceVersionDate "2015.10.08"]
[SourceQuality "1"]

1. e4 e5 2. Nf3 Nc6 3. Bb5 Nge7 4. 0-0 g6 5. c3 Bg7 6. d4 exd4 7. cxd4 d5 8. exd5 Nxd5 9. Re1+ Be6 10. Ne5 0-0 11. Nxc6 bxc6 12. Bxc6 Rb8 13. Nc3 Nb4 14. Be4 Bxd4 15. a3 Na6 16. Qe2 Nc5 17. Bh6 Nxe4 18. Nxe4 Rxb2 19. Qf3 Rb3 20. Qd1 Bg7 21. Qc1 Qd4 22. Bxg7 Kxg7 23. Qxc7 Rc8 24. Qe7 h6 25. Rad1 Qb6 26. Qf6+ Kh7 27. Nd6 Rc7 28. Ne8 Rc8 29. Qg7# 1-0

[Event "Montpellier op 21st"]
[Site "Montpellier"]
[Date "2015.07.06"]
[Round "2"]
[White "Duff, Rufus"]
[Black "Prie, Eric"]
[Result "1/2-1/2"]
[WhiteElo "2117"]
[BlackElo "2485"]
[PlyCount "106"]
[EventDate "2015.07.05"]
[EventType "swiss"]
[EventRounds "9"]
[EventCountry "FRA"]
[SourceTitle "EXT 2016"]
[Source "ChessBase"]
[SourceDate "2015.10.08"]
[SourceVersion "1"]
[SourceVersionDate "2015.10.08"]
[SourceQuality "1"]

1. d4 Nf6 2. c4 c5 3. d5 b5 4. cxb5 a6 5. bxa6 g6 6. Nc3 Bg7 7. e4 0-0 8. Nf3 Qa5 9. Nd2 Bxa6 10. Bxa6 Qxa6 11. Qe2 e6 12. Nc4 exd5 13. exd5 Re8 14. Ne3 Ne4 15. Nxe4 Rxe4 16. a3 f5 17. g3 Qxe2+ 18. Kxe2 Na6 19. Rd1 Rb8 20. Rb1 Nc7 21. Kf1 Nb5 22. Bd2 f4 23. Ng2 fxg3 24. hxg3 Rd4 25. Be3 Rxd1+ 26. Rxd1 Bxb2 27. Bxc5 Bxa3 28. Bxa3 Nxa3 29. Ne3 Kf7 30. Kg2 h5 31. Ra1 Rb3 32. Rh1 Kf6 33. Rc1 Nb5 34. Rc8 Nd6 35. Rd8 Rb7 36. Rf8+ Ke7 37. Rh8 Ne4 38. Kf3 Ng5+ 39. Kg2 Rb2 40. Rg8 Ne4 41. Kf3 Ng5+ 42. Kg2 Ne4 43. Kf3 Kf7 44. Rd8 Nxf2 45. Rxd7+ Kf6 46. Rd6+ Kg5 47. Nc4 Rc2 48. Ne5 Kf5 49. Nxg6 Ng4 50. Ne7+ Ke5 51. Re6+ Kd4 52. Re2 Rxe2 53. Kxe2 Ke5 1/2-1/2

[Event "Saint Affrique op 22nd"]
[Site "Saint Affrique"]
[Date "2014.07.21"]
[Round "4"]
[White "Penalver, Francois"]
[Black "Duff, Rufus"]
[Result "0-1"]
[WhiteElo "1780"]
[BlackElo "2113"]
[PlyCount "44"]
[EventDate "2014.07.19"]
[EventType "swiss"]
[EventRounds "9"]
[EventCountry "FRA"]
[SourceTitle "CBM 161 Extra"]
[Source "ChessBase"]
[SourceDate "2014.08.29"]
[SourceVersion "1"]
[SourceVersionDate "2014.08.29"]
[SourceQuality "1"]

1. e4 e5 2. Nf3 Nc6 3. Bc4 Bc5 4. c3 Nf6 5. d3 a6 6. 0-0 Ba7 7. Bb3 d6 8. Nbd2 0-0 9. Re1 Ng4 10. Rf1 Kh8 11. h3 Nh6 12. Bc2 f5 13. exf5 Nxf5 14. Kh2 h6 15. d4 exd4 16. Ne4 dxc3 17. bxc3 Nh4 18. Neg5 Qe8 19. Nh7 Rf5 20. Kh1 Kxh7 21. Bxh6 Kxh6 22. Qd2+ Kh7 0-1

[Event "Gibraltar Masters 12th"]
[Site "Caleta"]
[Date "2014.01.30"]
[Round "3"]
[White "Abdumalik, Zhansaya"]
[Black "Duff, Rufus"]
[Result "1-0"]
[WhiteElo "2344"]
[BlackElo "2113"]
[PlyCount "95"]
[EventDate "2014.01.28"]
[EventType "swiss"]
[EventRounds "10"]
[EventCountry "GGB"]
[SourceTitle "CBM 159"]
[Source "ChessBase"]
[SourceDate "2014.03.17"]
[SourceVersion "1"]
[SourceVersionDate "2014.03.17"]
[SourceQuality "1"]

1. e4 e5 2. Nf3 Nc6 3. Bb5 a6 4. Ba4 Nf6 5. 0-0 Be7 6. Re1 b5 7. Bb3 d6 8. c3 0-0 9. h3 Na5 10. Bc2 c5 11. d4 Nd7 12. a4 Rb8 13. axb5 axb5 14. b3 exd4 15. cxd4 Nc6 16. Nc3 Bf6 17. Be3 Nb4 18. Bb1 Re8 19. Qd2 cxd4 20. Nxd4 Nc5 21. Nce2 Nca6 22. Ra3 Bd7 23. Ng3 g6 24. f4 Ra8 25. Nf3 Nc6 26. Rd1 b4 27. Ra2 Be6 28. Bc2 Qc8 29. f5 Bc3 30. Qf2 Bd7 31. Rxd6 Ne5 32. Bd4 Nxf3+ 33. gxf3 Bb5 34. e5 Bxd4 35. Qxd4 Qc3 36. Be4 Rac8 37. Kg2 Rxe5 38. Bb7 Qxd4 39. Rxd4 Rb8 40. Bxa6 Bxa6 41. Rxa6 Re3 42. f6 Rxb3 43. Ne4 h6 44. Rad6 Ra3 45. Rd8+ Rxd8 46. Rxd8+ Kh7 47. Rf8 Ra7 48. Rb8 1-0

[Event "Gibraltar Masters 12th"]
[Site "Caleta"]
[Date "2014.01.28"]
[Round "1"]
[White "Xu, Jun"]
[Black "Duff, Rufus"]
[Result "1-0"]
[WhiteElo "2510"]
[BlackElo "2113"]
[PlyCount "59"]
[EventDate "2014.01.28"]
[EventType "swiss"]
[EventRounds "10"]
[EventCountry "GGB"]
[SourceTitle "CBM 159"]
[Source "ChessBase"]
[SourceDate "2014.03.17"]
[SourceVersion "1"]
[SourceVersionDate "2014.03.17"]
[SourceQuality "1"]

1. c4 e6 2. d4 d5 3. Nf3 Nf6 4. Nc3 c6 5. Bg5 Nbd7 6. e3 Qa5 7. cxd5 Nxd5 8. Qd2 Bb4 9. Rc1 0-0 10. a3 Bxc3 11. bxc3 Qxa3 12. Bd3 e5 13. 0-0 f6 14. Bh4 Qe7 15. Qc2 Kh8 16. Rfe1 b6 17. dxe5 Nxe5 18. Nxe5 Qxe5 19. Bg3 Qh5 20. e4 Ne7 21. Bd6 Qf7 22. e5 f5 23. e6 Qf6 24. Bxe7 Qxe7 25. Bxf5 g6 26. Bg4 Rf6 27. Qe4 Bb7 28. Rcd1 Re8 29. Qe5 Bc8 30. Rd7 1-0

[Event "EU-ch U18 23rd"]
[Site "Budva"]
[Date "2013.10.03"]
[Round "5"]
[White "Duff, Rufus"]
[Black "Lucovnik, Tilen"]
[Result "1/2-1/2"]
[WhiteElo "2171"]
[BlackElo "1939"]
[PlyCount "96"]
[EventDate "2013.09.29"]
[EventType "swiss"]
[EventRounds "9"]
[EventCountry "MNE"]
[SourceTitle "CBM 156 Extra"]
[Source "ChessBase"]
[SourceDate "2013.10.22"]
[SourceVersion "1"]
[SourceVersionDate "2013.10.22"]
[SourceQuality "1"]

1. e4 d6 2. d4 Nf6 3. Nc3 e5 4. Nf3 Nbd7 5. Bc4 Be7 6. 0-0 0-0 7. Re1 c6 8. a4 a5 9. h3 exd4 10. Qxd4 Nc5 11. Bf4 Ne6 12. Bxe6 Bxe6 13. Rad1 d5 14. exd5 Nxd5 15. Nxd5 Qxd5 16. Qxd5 cxd5 17. Nd4 Ra6 18. Rd3 Bf6 19. Be5 Bd7 20. Bxf6 Rxf6 21. b3 Re8 22. Rxe8+ Bxe8 23. Rc3 Kf8 24. Rc8 b6 25. Rd8 Ke7 26. Rxd5 Bd7 27. f3 g6 28. Kf2 Rd6 29. Re5+ Kd8 30. c3 f6 31. Re1 h5 32. h4 g5 33. hxg5 fxg5 34. Re5 Rg6 35. c4 h4 36. Ne2 g4 37. fxg4 Rxg4 38. Nc3 Rg3 39. Re3 Rxe3 40. Kxe3 Kc7 41. Kd4 Kc6 42. Nd5 h3 43. gxh3 Bxh3 44. Ne3 Be6 45. Nd5 Bh3 46. b4 axb4 47. Nxb4+ Kd6 48. Nc2 Bd7 1/2-1/2

[Event "GBR-ch 100th"]
[Site "Torquay"]
[Date "2013.07.31"]
[Round "3"]
[White "Tambini, Jasper"]
[Black "Duff, Rufus"]
[Result "1/2-1/2"]
[WhiteElo "1979"]
[BlackElo "2157"]
[PlyCount "51"]
[EventDate "2013.07.29"]
[EventType "swiss"]
[EventRounds "11"]
[EventCountry "ENG"]
[SourceTitle "CBM 155 Extra"]
[Source "ChessBase"]
[SourceDate "2013.08.26"]
[SourceVersion "1"]
[SourceVersionDate "2013.08.26"]
[SourceQuality "1"]

1. e4 e5 2. Nf3 Nc6 3. Bb5 a6 4. Ba4 Nf6 5. 0-0 Be7 6. Re1 b5 7. Bb3 d6 8. c3 0-0 9. h3 Na5 10. Bc2 c5 11. d4 Qc7 12. d5 Re8 13. b3 Nb7 14. a4 Bd7 15. Nbd2 bxa4 16. bxa4 Na5 17. Qe2 g6 18. Bd3 Qa7 19. Ra3 Reb8 20. Nc4 Nxc4 21. Bxc4 Bf8 22. Nh2 Bg7 23. Qf3 h5 24. Qg3 Re8 25. Qd3 Bc8 26. a5 1/2-1/2

[Event "FRA-ch U18"]
[Site "Saint Paul Trois Chateaux"]
[Date "2013.04.28"]
[Round "1"]
[White "Duff, Rufus"]
[Black "Horhant, Jean Baptiste"]
[Result "1-0"]
[WhiteElo "2150"]
[BlackElo "1723"]
[PlyCount "79"]
[EventDate "2013.04.28"]
[EventType "swiss"]
[EventRounds "9"]
[EventCountry "FRA"]
[SourceTitle "CBM 154 Extra"]
[Source "ChessBase"]
[SourceDate "2013.06.25"]
[SourceVersion "2"]
[SourceVersionDate "2013.06.25"]
[SourceQuality "1"]

1. e4 e6 2. d4 d5 3. Nd2 c5 4. exd5 exd5 5. Ngf3 Nc6 6. Bb5 Qe7+ 7. Qe2 Qxe2+ 8. Kxe2 Bd7 9. Re1 Be7 10. dxc5 Bxc5 11. Kf1+ Nge7 12. Nb3 Bd6 13. Bxc6 bxc6 14. Be3 0-0 15. Bc5 Nf5 16. g4 Rfb8 17. gxf5 Bxc5 18. Nxc5 Bxf5 19. b3 Bh3+ 20. Kg1 Rb4 21. Ne5 f6 22. Re3 Bf5 23. Nxc6 Rg4+ 24. Rg3 Rxg3+ 25. fxg3 Bxc2 26. Re1 Kf7 27. Re7+ Kg6 28. Nd4 Rc8 29. Nce6 Be4 30. Rxg7+ Kh6 31. Rc7 Re8 32. g4 Rg8 33. h3 Kg6 34. Kf2 a6 35. Nf4+ Kg5 36. Kg3 Kh6 37. Rf7 Kg5 38. h4+ Kh6 39. Nde6 Bg6 40. Rxf6 1-0

[Event "Hastings Masters op 88th"]
[Site "Hastings"]
[Date "2013.01.02"]
[Round "6"]
[White "Panjwani, Raja"]
[Black "Duff, Rufus"]
[Result "1-0"]
[WhiteElo "2402"]
[BlackElo "2114"]
[PlyCount "69"]
[EventDate "2012.12.28"]
[EventType "swiss"]
[EventRounds "10"]
[EventCountry "ENG"]
[SourceTitle "CBM 152 Extra"]
[Source "ChessBase"]
[SourceDate "2013.02.25"]
[SourceVersion "1"]
[SourceVersionDate "2013.02.25"]
[SourceQuality "1"]

1. e4 e5 2. Nf3 Nc6 3. Bb5 a6 4. Ba4 Nf6 5. 0-0 Be7 6. Bxc6 dxc6 7. d3 Nd7 8. Nbd2 0-0 9. Nc4 f6 10. Nh4 Nb8 11. Nf5 c5 12. f4 Nc6 13. Nxe7+ Qxe7 14. f5 b6 15. Ne3 Bb7 16. Rf3 Nd4 17. Rh3 Qf7 18. Qg4 Rfd8 19. c3 Nb5 20. a4 Na7 21. Nc4 Nc6 22. Qh4 h5 23. Rg3 Kf8 24. Be3 a5 25. Rg6 Rxd3 26. Bh6 Qxc4 27. Rxf6+ Kg8 28. Qg5 Rd7 29. Rg6 Rad8 30. Rf1 Ba6 31. Re1 Nd4 32. Rxg7+ Kh8 33. Qg6 Nf3+ 34. gxf3 Qg8 35. f6 1-0

[Event "Hastings Masters op 88th"]
[Site "Hastings"]
[Date "2013.01.01"]
[Round "5"]
[White "Duff, Rufus"]
[Black "Vocaturo, Daniele"]
[Result "0-1"]
[WhiteElo "2114"]
[BlackElo "2521"]
[PlyCount "70"]
[EventDate "2012.12.28"]
[EventType "swiss"]
[EventRounds "10"]
[EventCountry "ENG"]
[SourceTitle "CBM 152 Extra"]
[Source "ChessBase"]
[SourceDate "2013.02.25"]
[SourceVersion "1"]
[SourceVersionDate "2013.02.25"]
[SourceQuality "1"]

1. e4 e5 2. Nf3 Nc6 3. Bb5 a6 4. Ba4 Nf6 5. 0-0 Be7 6. Re1 b5 7. Bb3 d6 8. c3 0-0 9. h3 h6 10. d4 Re8 11. Nbd2 Bf8 12. Nf1 Bd7 13. Ng3 Na5 14. Bc2 Nc4 15. a4 c5 16. b3 Na5 17. axb5 axb5 18. d5 g6 19. Be3 Qc7 20. Nd2 h5 21. Nf3 Rec8 22. Qd2 c4 23. b4 Nb3 24. Bxb3 Rxa1 25. Rxa1 cxb3 26. Qb2 Qxc3 27. Qxc3 Rxc3 28. Nd2 b2 29. Rf1 Kh7 30. Ne2 Rc2 31. f3 Bh6 32. Kf2 Rxd2 33. Bxd2 Bxd2 34. Rb1 Bxb4 35. Rxb2 Ba3 0-1

[Event "Hastings Masters op 88th"]
[Site "Hastings"]
[Date "2012.12.30"]
[Round "3"]
[White "Hebden, Mark"]
[Black "Duff, Rufus"]
[Result "0-1"]
[WhiteElo "2547"]
[BlackElo "2114"]
[PlyCount "102"]
[EventDate "2012.12.28"]
[EventType "swiss"]
[EventRounds "10"]
[EventCountry "ENG"]
[SourceTitle "CBM 152 Extra"]
[Source "ChessBase"]
[SourceDate "2013.02.25"]
[SourceVersion "1"]
[SourceVersionDate "2013.02.25"]
[SourceQuality "1"]

1. d4 d5 2. Nf3 Nf6 3. c4 e6 4. Bg5 h6 5. Bxf6 Qxf6 6. Nc3 Bb4 7. e3 0-0 8. Be2 dxc4 9. 0-0 Qe7 10. Bxc4 c5 11. Ne4 cxd4 12. a3 Ba5 13. Nxd4 a6 14. Rc1 Bd7 15. Qh5 Bb6 16. Rfd1 Rd8 17. b4 Ba4 18. Bb3 Be8 19. Nc5 Nc6 20. h3 Nxd4 21. exd4 Bc6 22. Rc3 Qf6 23. Qg4 Rd6 24. Rcd3 Rad8 25. Bc4 g6 26. R1d2 h5 27. Qd1 Kg7 28. Qa1 Bxc5 29. bxc5 R6d7 30. Rd1 Bd5 31. Bxd5 Rxd5 32. Qc3 R8d7 33. R3d2 Kh7 34. Qe3 Qd8 35. Rb1 e5 36. Rb6 exd4 37. Qf3 Rf5 38. Qe4 Rxc5 39. Rxb7 Rxb7 40. Qxb7 Rc1+ 41. Kh2 Qd6+ 42. g3 Rc7 43. Qe4 Rd7 44. Rd3 Qd5 45. Qxd5 Rxd5 46. Kg2 f5 47. Kf3 Kg7 48. Ke2 Kf6 49. Rb3 Rb5 50. Rf3 Ke5 51. h4 Rb2+ 0-1

[Event "Hastings Masters op 88th"]
[Site "Hastings"]
[Date "2012.12.28"]
[Round "1"]
[White "Tarhon, Brian"]
[Black "Duff, Rufus"]
[Result "1/2-1/2"]
[WhiteElo "1844"]
[BlackElo "2114"]
[PlyCount "69"]
[EventDate "2012.12.28"]
[EventType "swiss"]
[EventRounds "10"]
[EventCountry "ENG"]
[SourceTitle "CBM 152 Extra"]
[Source "ChessBase"]
[SourceDate "2013.02.25"]
[SourceVersion "1"]
[SourceVersionDate "2013.02.25"]
[SourceQuality "1"]

1. e4 e5 2. Nf3 Nc6 3. Bb5 a6 4. Ba4 Nf6 5. 0-0 Be7 6. Re1 b5 7. Bb3 d6 8. c3 0-0 9. h3 Na5 10. Bc2 c5 11. d4 Nd7 12. Nbd2 exd4 13. cxd4 Nc6 14. Nf1 Nxd4 15. Nxd4 cxd4 16. Qxd4 Ne5 17. Qd1 Bf6 18. Ne3 Be6 19. Bd2 Nc4 20. Nxc4 Bxc4 21. Bc3 Bxc3 22. bxc3 Qf6 23. Qd4 Qxd4 24. cxd4 b4 25. Bb3 Rac8 26. Rec1 Be6 27. d5 Rxc1+ 28. Rxc1 Rc8 29. Rc6 Rxc6 30. dxc6 Bc8 31. f4 Kf8 32. Kf2 Ke7 33. Ke3 a5 34. Kd4 f6 35. f5 1/2-1/2

[Event "FRA-ch op-A"]
[Site "Pau"]
[Date "2012.08.16"]
[Round "3"]
[White "Gaubil, Olivier"]
[Black "Duff, Rufus"]
[Result "1-0"]
[WhiteElo "2070"]
[BlackElo "2141"]
[PlyCount "61"]
[EventDate "2012.08.14"]
[EventType "swiss"]
[EventRounds "11"]
[EventCountry "FRA"]
[SourceTitle "CBM 150 Extra"]
[Source "ChessBase"]
[SourceDate "2012.10.19"]
[SourceVersion "1"]
[SourceVersionDate "2012.10.19"]
[SourceQuality "1"]

1. c4 e6 2. g3 d5 3. Bg2 Nf6 4. Nf3 Be7 5. d4 0-0 6. 0-0 dxc4 7. Qc2 a6 8. Rd1 b5 9. Ng5 c6 10. Nc3 h6 11. Nf3 Bb7 12. Ne5 Qc7 13. Bf4 Bd6 14. Ne4 Nxe4 15. Qxe4 f5 16. Qf3 g5 17. Qh5 Rf6 18. Qe8+ Kh7 19. Nf7 Bxf4 20. Qh8+ Kg6 21. Qg8+ Kh5 22. Bf3+ g4 23. Bxg4+ fxg4 24. f3 Rg6 25. fxg4+ Rxg4 26. Qe8 Rg6 27. Nh8 Be3+ 28. Kg2 Qg7 29. Kh3 Nd7 30. g4+ Kg5 31. Nf7+ 1-0

[Event "FRA-ch op-A"]
[Site "Pau"]
[Date "2012.08.15"]
[Round "2"]
[White "Duff, Rufus"]
[Black "Gallant, Aurelien"]
[Result "1-0"]
[WhiteElo "2141"]
[BlackElo "2054"]
[PlyCount "99"]
[EventDate "2012.08.14"]
[EventType "swiss"]
[EventRounds "11"]
[EventCountry "FRA"]
[SourceTitle "CBM 150 Extra"]
[Source "ChessBase"]
[SourceDate "2012.10.19"]
[SourceVersion "1"]
[SourceVersionDate "2012.10.19"]
[SourceQuality "1"]

1. e4 c5 2. Nf3 d6 3. d4 cxd4 4. Nxd4 Nf6 5. Nc3 a6 6. Be3 e5 7. Nb3 Be6 8. Qd2 Be7 9. f3 Nbd7 10. 0-0-0 b5 11. g4 Nb6 12. Na5 Qc7 13. g5 Nfd7 14. Nd5 Bxd5 15. exd5 Rc8 16. Kb1 Nxd5 17. Qxd5 Qxa5 18. c4 0-0 19. cxb5 axb5 20. Qxb5 Qc7 21. Rc1 Nc5 22. Qc4 Qb7 23. Qe2 Na4 24. Ka1 Rb8 25. Rc2 d5 26. Bh3 d4 27. Bc1 Rfd8 28. Bf5 Qd5 29. Be4 Qa5 30. Rd1 Nc5 31. f4 Rd6 32. fxe5 Ra6 33. Bd5 d3 34. Rxd3 Nxd3 35. Qxd3 Rd8 36. b4 Rxd5 37. Rc8+ Bd8 38. Qc4 Qxa2+ 39. Qxa2 Rxa2+ 40. Kxa2 Kf8 41. Bb2 Ke7 42. h4 Kd7 43. Ra8 Rd2 44. Kb3 Kc6 45. Bc3 Rd1 46. Kc4 Kb7 47. Ra1 Rd7 48. Bd4 Bc7 49. Ra7+ Kb8 50. Bb6 1-0

[Event "FRA-ch U18"]
[Site "Nimes"]
[Date "2012.04.15"]
[Round "3"]
[White "Duff, Rufus"]
[Black "Moussard, Jules"]
[Result "0-1"]
[WhiteElo "2120"]
[BlackElo "2390"]
[PlyCount "68"]
[EventDate "2012.04.14"]
[EventType "swiss"]
[EventRounds "9"]
[EventCountry "FRA"]
[SourceTitle "CBM 148 Extra"]
[Source "ChessBase"]
[SourceDate "2012.06.22"]
[SourceVersion "1"]
[SourceVersionDate "2012.06.22"]
[SourceQuality "1"]

1. e4 c5 2. Nf3 d6 3. d4 cxd4 4. Nxd4 Nf6 5. Nc3 a6 6. Be3 e6 7. f3 Be7 8. Qd2 b5 9. 0-0-0 Bb7 10. g4 h6 11. h4 Nbd7 12. Rg1 b4 13. Nce2 Qa5 14. Kb1 Ne5 15. Nc1 Nfd7 16. g5 hxg5 17. Bxg5 Nf6 18. Nd3 Qb6 19. Nxe5 dxe5 20. Nb3 Kf8 21. Be3 Qc7 22. Qf2 g6 23. Bb6 Qc8 24. Nc5 Kg7 25. Be2 Bc6 26. Rh1 Bb5 27. Nd3 Bd6 28. Be3 Qc6 29. Bg5 Nh5 30. Rc1 Qc7 31. c4 bxc3 32. Rxc3 Qb7 33. Nc5 Bxc5 34. Rxc5 Bxe2 0-1

[Event "Hastings Masters op 87th"]
[Site "Hastings"]
[Date "2012.01.04"]
[Round "8"]
[White "Duff, Rufus"]
[Black "Olsarova, Tereza"]
[Result "1-0"]
[WhiteElo "2088"]
[BlackElo "2232"]
[PlyCount "61"]
[EventDate "2011.12.28"]
[EventType "swiss"]
[EventRounds "9"]
[EventCountry "ENG"]
[SourceTitle "CBM 146 Extra"]
[Source "ChessBase"]
[SourceDate "2012.02.29"]
[SourceVersion "1"]
[SourceVersionDate "2012.02.29"]
[SourceQuality "1"]

1. e4 e5 2. Nf3 Nc6 3. Bb5 a6 4. Ba4 Nf6 5. 0-0 Nxe4 6. d4 b5 7. Bb3 d5 8. dxe5 Be6 9. Nbd2 Nc5 10. c3 d4 11. Bxe6 Nxe6 12. cxd4 Ncxd4 13. a4 Rc8 14. Ne4 Be7 15. axb5 axb5 16. Be3 c5 17. Bxd4 cxd4 18. Ra6 0-0 19. Nd6 Bxd6 20. Rxd6 Qe7 21. Nxd4 Nxd4 22. Qxd4 Rfe8 23. Re1 h6 24. h3 Rc2 25. Re3 Rc1+ 26. Kh2 Rc4 27. Qd5 Rc2 28. e6 Rf8 29. Rd7 fxe6 30. Rxe6 Qc5 31. Ree7+ 1-0

[Event "Hastings Masters op 87th"]
[Site "Hastings"]
[Date "2011.12.31"]
[Round "4"]
[White "Duff, Rufus"]
[Black "Massoni, Michael"]
[Result "0-1"]
[WhiteElo "2088"]
[BlackElo "2304"]
[PlyCount "61"]
[EventDate "2011.12.28"]
[EventType "swiss"]
[EventRounds "9"]
[EventCountry "ENG"]
[SourceTitle "CBM 146 Extra"]
[Source "ChessBase"]
[SourceDate "2012.02.29"]
[SourceVersion "1"]
[SourceVersionDate "2012.02.29"]
[SourceQuality "1"]

1. e4 c5 2. Nf3 e6 3. d4 cxd4 4. Nxd4 Nc6 5. Nc3 Qc7 6. Be3 a6 7. Qd2 Nf6 8. 0-0-0 Be7 9. f3 0-0 10. g4 b5 11. g5 Nh5 12. Nce2 Rd8 13. Ng3 Nxd4 14. Qxd4 Nf4 15. h4 Bb7 16. Qb6 Qb8 17. Kb1 Ng6 18. h5 Nf8 19. Rg1 d5 20. Be2 Nd7 21. Qa5 Bd6 22. Bf2 Qc7 23. Qxc7 Bxc7 24. exd5 Bxd5 25. Nf5 Rac8 26. Ne3 Bc6 27. g6 hxg6 28. hxg6 fxg6 29. Rxg6 Ne5 30. Rg3 Rxd1+ 31. Bxd1 0-1

[Event "FRA-chT1 1011"]
[Site "France"]
[Date "2010.11.14"]
[Round "3.7"]
[White "Louche, Herve"]
[Black "Duff, Rufus"]
[Result "0-1"]
[WhiteElo "1831"]
[BlackElo "1788"]
[PlyCount "78"]
[EventDate "2010.10.17"]
[EventType "team-tourn"]
[EventRounds "11"]
[EventCountry "FRA"]
[SourceTitle "EXT 2012"]
[Source "ChessBase"]
[SourceDate "2011.11.24"]
[SourceVersion "1"]
[SourceVersionDate "2011.11.24"]
[SourceQuality "1"]

1. d4 d5 2. Nf3 Nf6 3. Bg5 Nbd7 4. e3 e6 5. Nbd2 Be7 6. c3 0-0 7. Bd3 c5 8. Qe2 b6 9. e4 dxe4 10. Nxe4 Bb7 11. Nxf6+ Bxf6 12. Bxf6 Qxf6 13. Ne5 Nxe5 14. dxe5 Qg5 15. Be4 Bxe4 16. Qxe4 Rad8 17. f4 Qh4+ 18. g3 Qh5 19. Qe2 Qh3 20. Rd1 Rd5 21. Kf2 Rfd8 22. Ke3 h5 23. Rxd5 Rxd5 24. Qf3 c4 25. Rd1 Qxh2 26. Rxd5 exd5 27. Qf2 Qxf2+ 28. Kxf2 Kf8 29. Ke3 Ke7 30. f5 g6 31. fxg6 fxg6 32. Kf4 b5 33. a3 a5 34. Ke3 g5 35. Kd4 Ke6 36. Kc5 h4 37. gxh4 gxh4 38. Kxb5 h3 39. Kxa5 h2 0-1

[Event "Narbonne op 10th"]
[Site "Narbonne"]
[Date "2008.??.??"]
[Round "6"]
[White "Pascal Mousselard, Philippe"]
[Black "Duff, Rufus"]
[Result "1-0"]
[WhiteElo "1857"]
[BlackElo "1507"]
[PlyCount "59"]
[EventDate "2008.05.08"]
[EventType "swiss"]
[EventRounds "7"]
[EventCountry "FRA"]
[SourceTitle "CBM 124 Extra"]
[Source "ChessBase"]
[SourceDate "2008.07.03"]
[SourceVersion "1"]
[SourceVersionDate "2008.07.03"]
[SourceQuality "1"]

1. b3 d5 2. Bb2 Nc6 3. e3 e5 4. Bb5 Bd6 5. f4 Qe7 6. Nf3 Bg4 7. Bxc6+ bxc6 8. fxe5 Bxe5 9. Bxe5 Bxf3 10. Qxf3 Qxe5 11. 0-0 Nf6 12. Nc3 0-0 13. Qf4 Qxf4 14. Rxf4 Rfe8 15. Raf1 Rad8 16. Ra4 Ra8 17. Ra5 Re6 18. Rf4 h6 19. Rfa4 Rae8 20. Rxa7 R8e7 21. Ra8+ Kh7 22. Rd8 Re5 23. Raa8 Rf5 24. Rh8+ Kg6 25. Ne2 c5 26. Ra6 d4 27. g4 Rfe5 28. h4 Re4 29. Nf4+ Rxf4 30. exf4 1-0